000 00632nam a22001817a 4500
999 _c61721
_d61721
005 20240422113923.0
008 240422s2008 enk||||| |||| 00| 0 eng d
020 _a9780071287340
041 _aeng
080 _a61 C-95
245 _aCurrent medical diagnosis & treatment /
_cEdited McPhee, Stephen J., Maxine A. Papadakis.
250 _aFort Seventh Edition
264 _aNew York :
_bMcGraw-Hill Medical,
_c2008.
300 _a 1673 p.:
_bill.;
_c26 cm.
700 _aMcPhee, Stephen J.
_eრედაქტორი
_921901
700 _aPapadakis, Maxine A.
_eრედაქტორი
_921902
942 _2udc
_cᲬᲘᲒᲜᲘ